Pięć najwyższych krajów Covid-19 według kontynentów - Statystyki

Ogólne statystyki
  • Ten quiz został rozwiązany 207 razy
  • Średni wynik to 21 z 29
Statystyki odpowiedzi
kontynent kraj % Poprawnych
Azja Chiny
96%
Europa Rosja
94%
Ameryka Północna Stany Zjednoczone
91%
Ameryka Południowa Brazylia
87%
Europa / Oceania Francja
87%
Europa Włochy
87%
Ameryka Północna Kanada
85%
Ameryka Północna Meksyk
85%
Oceania Australia
84%
Europa Hiszpania
84%
Azja Indie
83%
Europa Wielka Brytania
81%
Afryka Egipt
78%
Oceania Nowa Zelandia
78%
Afryka Republika Południowej Afryki
78%
Ameryka Południowa Kolumbia
77%
Ameryka Południowa Chile
76%
Ameryka Południowa Peru
70%
Afryka Algieria
63%
Ameryka Południowa Ekwador
61%
Afryka Nigeria
59%
Azja Iran
58%
Ameryka Północna Panama
56%
Azja Turcja
51%
Oceania Papua-Nowa Gwinea
48%
Oceania Fidżi
47%
Ameryka Północna Dominikana
46%
Azja Arabia Saudyjska
45%
Afryka Ghana
19%
Nie znaleziono quizów pasujących do podanych kryteriów
Rozkład punktacji
Procent ludzi z każdym wynikiem
Percentyl według liczby udzielonych odpowiedzi
Twoja historia wyników
Nie rozwiązałeś tego quizu